| 000 | 00773nam a2200217Ii 4500 | ||
|---|---|---|---|
| 003 | JO-AjNU | ||
| 008 | 230605s9999||||xx |||||||||||||| ||und|| | ||
| 017 | _a2018/5/3600 | ||
| 040 |
_aJO-AjNU _bara _erda _cJO-AjNU |
||
| 041 | _aara | ||
| 050 | 1 | 4 | _aDS119.7. Z8222 2018 |
| 100 | 3 |
_aزعيتر، أكرم, _eauthor _958443 |
|
| 245 | 0 | 0 | _aالقضية الفلسطينية |
| 264 | 3 | 1 | _aعمان: وزارة الثقافة، 2018 |
| 300 | _a318ص | ||
| 336 |
_atext _btxt _2rdacontent |
||
| 337 |
_aunmediated _bn _2rdamedia |
||
| 338 |
_avolume _bnc _2rdacarrier |
||
| 490 | 0 | _aمكتبة الاسرة الاردنية/ مهرجان القراءة للجميع، 2018 | |
| 650 | 4 |
_aفلسطين -- تاريخ -- الاحتلال الإسرائيلي، 1948- _958444 |
|
| 999 |
_aA26245 _c29813 _d29813 |
||